| 000 | 00443nam a2200181Ia 4500 | ||
|---|---|---|---|
| 005 | 20240823032816.0 | ||
| 008 | 240823s9999||||xx |||||||||||||| ||und|| | ||
| 041 | _aENGLISH | ||
| 082 | _A621.3815 N3 | ||
| 100 | _aBapat Y N | ||
| 245 | 0 | _aElectronic Circuits and Systems | |
| 250 | _a1st | ||
| 260 |
_c1993 _b"TMH,New Delhi" |
||
| 500 | _aTRANSFERED | ||
| 650 |
_aElectronic Circuits _bInstrumentation |
||
| 942 | _cBK | ||
| 999 |
_c194308 _d194308 |
||